| 000 | 00817nam a22002177a 4500 | ||
|---|---|---|---|
| 005 | 20240530110559.0 | ||
| 008 | 160319s2012 ua a g b 000 f ara d | ||
| 017 |
_a14298 _bمصر . دار الكتب المصرية |
||
| 020 | _a9789773564312 | ||
| 040 | _aEG-CaGPL | ||
| 082 | 0 | 4 |
_221 _a813.083 _bق/ع م |
| 100 | 0 | _aعامر الوكيل . | |
| 245 | 1 | 0 |
_a100 قصة من الميدان : _bقصص حقيقية حدثت اثناء الثورة فى ميدان التحرير / _cيرويها عامر الوكيل . |
| 250 | _aط1. | ||
| 260 |
_aالقاهرة : _bهلا للنشر و التوزيع ، _c2012. |
||
| 300 |
_a131 ص ؛ _c22 سم . |
||
| 650 | 0 | 4 | _aالقصص الواقعية . |
| 650 | 0 | 4 | _aالقصص العربية . |
| 942 |
_2ddc _cBK |
||
| 999 |
_c62622 _d62622 |
||